• 首页
  • 本馆介绍
  • 公告通知
  • 最新文献
  • 馆藏检索
  • 电子资源
  • 读者导购
  • 参考咨询
  • 我的图书馆
  • 登录
  • 详细信息显示
  • 放入我的书架
  • 预约/预借图书
  • 作者相关作品
  • 分类相关作品
  • 丛书相关作品
  • 出版社相关作品

书目信息

  • 表格格式
  • 工作单格式
  • 卡片格式
题名:
高等教育自学考试应试指导及综合模拟题库
    
 
作者: 王守渝 , 叶静漪 主编
分册:   经济法概论
出版信息: 北京   中国财政经济出版社  1997
页数: 225页
开本: 20cm
丛书名:
单 册:
中图分类: D922.290.4
科图分类:
主题词: 经济法--中国--高等教育--自学参考资料
电子资源:
ISBN: 7-5005-3353-5
000 00873cam0 2200253 450
001 0100626985
005 20100702153339.0
010    @a7-5005-3353-5@dCNY9.50
011    @a7-5005-3353-5
100    @a20021005d1997 em y0chiy0110 ea
101 0  @achi
102    @aCN@b110000
105    @ay q 000yy
106    @ar
200 1  @a高等教育自学考试应试指导及综合模拟题库@9Gao Deng Jiao Yu;Yo Zi Xue Kao Shi Ying Shi Zhi Dao Ji Zong;Zeng He;Ge Mo;Mu Ni Ti Ku @i经济法概论@f王守渝,叶静漪主编@b专著
210    @a北京@c中国财政经济出版社@d1997
215    @a225页@d20cm
300    @a全国高等教育自学考试统考课程辅导用书 财经类
606 0  @a经济法@y中国@x高等教育@x自学参考资料
690    @aD922.290.4@v3
701  0 @a王守渝@9wang shou yu@4主编
701  0 @a叶静漪@c(女,@f1963~)@9ye jing yi@4主编
801  0 @aCN@bAiZhiMarc@c19980807
905    @aBZT@dD92@e71@f2@sD92/71
    
    高等教育自学考试应试指导及综合模拟题库.经济法概论/王守渝,叶静漪主编.-北京:中国财政经济出版社,1997
    225页;20cm
    全国高等教育自学考试统考课程辅导用书 财经类
    
    ISBN 7-5005-3353-5:CNY9.50
    
●
相关链接 在五车中查询图书 在当当中查询图书 在豆瓣中查询图书


正题名:高等教育自学考试应试指导及综合模拟题库     索取号:D92/71         预约/预借

序号 登录号 条形码 馆藏地/架位号 状态 备注
1 2000102262   2000102262   旧书回溯/ [索取号:D92/71] 在馆    
2 2000102263   2000102263   旧书回溯/ [索取号:D92/71] 在馆    
山东省滨州职业学院图书馆 欢迎您!
大连网信软件有限公司© 版权所有